000
00308nam a22001337a 4500
008
181217b xxu||||| |||| 00| 0 eng d
020
_a
0894438506
041
_a
eng
080
_a
610
100
_a
4
101
_a
SHM
245
_a
Epidemiology in Health Services Management
_c
Dever,G.E
942
_2
udc
_c
BK
999
_c
53184
_d
53184